000 00607nam a2200229Ia 4500
003 OSt
005 20220918210741.0
006 a|||||r|||| 00| 0
007 ta
008 220917b |||||||| |||| 00| 0 eng d
024 _a121,835
037 _cTextual
040 _aARTS
_cARTS
_beng
041 _2eng
_aeng
082 _aWxJ88:9, K6
100 _aGoldsmith M M
_9119144
245 0 _aHobbe's science of politics
260 _aNew York
_bColumbia Univ press USA
_c1966
650 _aPOLITICAL SCIENCE
942 _hWxJ88:9, K6
_cTEXL
_2CC
999 _c245034
_d245034